| 000 | 00880nam a22002177a 4500 | ||
|---|---|---|---|
| 999 |
_c14088 _d14088 |
||
| 003 | AR-CdUCM | ||
| 008 | 190327b ||||| |||| 00| 0 spa d | ||
| 020 | _a9972-00-345-0 | ||
| 040 |
_aMUNICIPALIDAD PROVINCIAL DEL CUSCO _cBIBLIOTECA MUNICIPAL DEL CUSCO |
||
| 082 |
_aEP / 803 / _bC75 |
||
| 100 |
_aColchado Lucio, Óscar _913556 |
||
| 245 |
_aCholito : _bEn la maravillosa Amazonía / |
||
| 260 |
_aLima : _bSantillana, _c2005. |
||
| 300 |
_a141 páginas ; _bIlustraciones. _c20 cm. |
||
| 440 |
_aAlfaguara infantil _932748 |
||
| 505 | _aContenido :Cholito se encuentra con un raro y extraño personaje -- Cholito se estera de que una nueva desgracia pesa sobre la niña amazónica -- La madre de la lupuna convierte a Cholito en un oloroso cedro ... | ||
| 650 |
_aCuentos infantiles _93927 |
||
| 650 |
_aSiglo XXI _92856 |
||
| 942 |
_2ddc _cLIBROS |
||
| 945 |
_arum _d2019-04-22 |
||